[Event "Campeonato Individual de Bizkaia - Cat Preferente - 2018 "]
[Site "Bilbao"]
[Date "2018.10.20"]
[Round "1"]
[Board "1"]
[White "Martinez De Soria Gordon, Jose Manuel"]
[Black "Prieto Aranguren, Alain"]
[Result "0-1"]
[WhiteElo "1913"]
[BlackElo "2281"]
[PlyCount "0"]
[EventDate "2018.10.20"]
[EventRounds "6"]
[EventCountry "ESP"]

1.e4 c6 2.d3 d5 3.Nd2 g6 4.g3 Bg7 5.Bg2 e5 6.Ngf3 Ne7 7.O-O O-O 8.Re1 d4 
9.Nc4 b5 10.Ncd2 Bb7 11.h4 h5 12.Ng5 Nd7 13.Ndf3 c5 14.Bd2 Nc6 15.Nh2 Nf6 
16.Nh3 Qd7 17.f3 c4 18.Nf2 Qe7 19.Qe2 cxd3 20.Nxd3 a5 21.Bg5 Qd6 22.Bxf6 
Bxf6 23.f4 Ba6 24.f5 Rac8 25.fxg6 fxg6 26.g4 Bxh4 27.Rf1 Bg5 28.gxh5 Be3+ 
29.Kh1 gxh5 30.Qxh5 Qh6 31.Rxf8+ Rxf8 32.Qxh6 Bxh6 33.Ng4 Bg7 34.Ngf2 Ne7 
35.Bh3 Bc8 36.Rg1 Kf7 37.Bg4 Ng6 38.Kg2 Bxg4 39.Nxg4 Ke6 40.Kg3 Nf4 41.Rf1
Ne2+ 42.Kg2 Rxf1 43.Kxf1 Ng3+ 44.Ke1 Nxe4 45.Ngf2 Nxf2 46.Kxf2 e4 47.Nc5+ 
Kd5 48.Nb7 a4 49.Ke2 Bf6 50.a3 Kc6 51.Na5+ Kb6 52.b4 Bg5 53.Kd1 Bf4 54.Ke2
Bc1  0-1

[Event "Campeonato Individual de Bizkaia - Cat Preferente - 2018 "]
[Site "Bilbao"]
[Date "2018.10.20"]
[Round "1"]
[Board "2"]
[White "Perez Fernandez, Modesto"]
[Black "Galarza Docampo, Karmel"]
[Result "1-0"]
[WhiteElo "2134"]
[BlackElo "1901"]
[PlyCount "0"]
[EventDate "2018.10.20"]
[EventRounds "6"]
[EventCountry "ESP"]

1.e4 c5 2.Nf3 e6 3.d4 cxd4 4.Nxd4 a6 5.Nc3 Qc7 6.Bd3 Nf6 7.O-O Bc5 8.Nb3 
Be7 9.Qe2 d6 10.Be3 Nbd7 11.a4 b6 12.Rfc1 Bb7 13.f3 O-O 14.Nd4 Rfe8 15.Qf2
d5 16.exd5 Nxd5 17.Nxd5 Bxd5 18.c4 Bb7 19.Nb3 Nc5 20.Nxc5 Bxc5 21.b4 Bxe3 
22.Qxe3 Red8 23.c5 bxc5 24.Rxc5 Qb6 25.Bxh7+ Kf8 26.a5 Qd6 27.Be4 Rab8 28.
Rac1 Bxe4 29.Qxe4 Qd4+ 30.Qxd4 Rxd4 31.Rc8+ Rxc8 32.Rxc8+ Ke7 33.Rb8 Rd2 
34.Rb7+ Kf6 35.h3 Rb2 36.Kh2 Kg6 37.Kg3 Kf6 38.h4 g6 39.Rb6 Rb3 40.Kf4 Rb2
41.g4 Rb3 42.Ke4 Rb1 43.Rb7 Re1+ 44.Kd3 Rf1 45.Ke2 Rb1 46.Rb6 Rb3 47.Kd2 
Rxf3 48.Rxa6 Rf4 49.Rb6 Rxg4 50.a6 Rxh4 51.a7 Rh2+ 52.Ke3 Ra2 53.Rb7 g5 
54.b5 Ra3+ 55.Kd2 Ra2+ 56.Kd3 Ra3+ 57.Kc4 g4 58.b6 g3 59.Rb8 g2 60.Rg8  1-0

[Event "Campeonato Individual de Bizkaia - Cat Preferente - 2018 "]
[Site "Bilbao"]
[Date "2018.10.20"]
[Round "1"]
[Board "3"]
[White "Valdezate Suarez, Fernando"]
[Black "Goiria Egidazu, Jon Asel"]
[Result "0-1"]
[WhiteElo "1890"]
[BlackElo "2084"]
[PlyCount "0"]
[EventDate "2018.10.20"]
[EventRounds "6"]
[EventCountry "ESP"]

1.d4 Nf6 2.c4 e6 3.Nf3 Bb4+ 4.Bd2 Qe7 5.Qc2 Bxd2+ 6.Nbxd2 d6 7.e3 O-O 8.
Be2 e5 9.dxe5 dxe5 10.O-O Nc6 11.h3 Be6 12.Ng5 Bd7 13.Nge4 Rad8 14.Nxf6+ 
Qxf6 15.Rad1 Bf5 16.Qc3 Qg6 17.e4 Nd4 18.Qe3 Bxh3 19.Qxh3 Nxe2+ 20.Kh1 Nf4
21.Qh2 Rd6 22.c5 Rd3 23.g3 Ne6 24.f3 Rfd8  0-1

[Event "Campeonato Individual de Bizkaia - Cat Preferente - 2018 "]
[Site "Bilbao"]
[Date "2018.10.20"]
[Round "1"]
[Board "4"]
[White "Sadusea, Johnny Fernando"]
[Black "Dura Olmos, Gines Raul"]
[Result "1-0"]
[WhiteElo "2077"]
[BlackElo "1887"]
[PlyCount "0"]
[EventDate "2018.10.20"]
[EventRounds "6"]
[EventCountry "ESP"]

1.e4 c5 2.Nf3 e6 3.b3 b6 4.c4 Bb7 5.Nc3 d6 6.d4 cxd4 7.Nxd4 Nf6 8.Bd3 Nbd7
9.O-O Nc5 10.Re1 Be7 11.Bb2 O-O 12.Bc2 e5 13.Nf5 g6 14.Nxe7+ Qxe7 15.Qd2 
Rfd8 16.f4 Ne6 17.fxe5 dxe5 18.Nd5 Qc5+ 19.Kh1 Ng4 20.h3 Nf2+ 21.Kh2 Bxd5 
22.exd5 Rac8 23.Bxe5 b5 24.Qh6 Rxd5 25.cxd5 Qxd5 26.Rac1 Rc5 27.Qe3  1-0

[Event "Campeonato Individual de Bizkaia - Cat Preferente - 2018 "]
[Site "Bilbao"]
[Date "2018.10.20"]
[Round "1"]
[Board "5"]
[White "Sarralde Marco, Emilio"]
[Black "Torres Novalbos, David"]
[Result "1-0"]
[WhiteElo "1859"]
[BlackElo "2023"]
[PlyCount "0"]
[EventDate "2018.10.20"]
[EventRounds "6"]
[EventCountry "ESP"]

1.e4 e6 2.d4 d5 3.Nc3 Nf6 4.e5 Nfd7 5.Nce2 c5 6.c3 Nc6 7.f4 Qb6 8.Nf3 Be7 
9.g3 O-O 10.Bh3 Kh8 11.O-O cxd4 12.cxd4 f5 13.Kh1 Rg8 14.b3 Nf8 15.Be3 Bd7
16.g4 fxg4 17.Bxg4 Ng6 18.Bf2 Rgf8 19.Bg3 Rac8 20.Rc1 Qa6 21.a4 Nb4 22.
Rxc8 Bxc8 23.Ng5 Nd3 24.h4 Kg8 25.h5 Ngxf4 26.Nxf4 Nxf4 27.Bxf4 Bxg5 28.
Be2 Qa5 29.Bxg5 Rxf1+ 30.Bxf1 Qc3 31.Qc1 Qf3+ 32.Kg1 Qg3+ 33.Bg2 Bd7 34.
Qe3 Qxe3+ 35.Bxe3 h6 36.Kf2 Kf7 37.Kg3 b6 38.Bf1 Bc8 39.Bb5 a5 40.Kg4 Bb7 
41.Bf2 Bc8 42.Bh4 Bb7 43.Bd8  1-0

[Event "Campeonato Individual de Bizkaia - Cat Preferente - 2018 "]
[Site "Bilbao"]
[Date "2018.10.20"]
[Round "1"]
[Board "6"]
[White "Garrido Legarreta, Jose Javier"]
[Black "Cano Cavero, Alberto Javier"]
[Result "1-0"]
[WhiteElo "2019"]
[BlackElo "1820"]
[PlyCount "0"]
[EventDate "2018.10.20"]
[EventRounds "6"]
[EventCountry "ESP"]

1.Nf3 b5 2.e4 a6 3.d4 Bb7 4.Bd3 e6 5.O-O Nf6 6.Nbd2 c5 7.dxc5 Bxc5 8.a3 
O-O 9.b4 Be7 10.Bb2 d6 11.c4 bxc4 12.Nxc4 Nbd7 13.Qe2 d5 14.Na5 dxe4 15.
Nxb7 exd3 16.Qxd3 Qb8 17.Na5 Qf4 18.Nc6 Bd8 19.Nfe5 Nxe5 20.Bxe5 Qe4 21.
Qxe4 Nxe4 22.Rfe1 Nf6 23.Nxd8 Rfxd8 24.Bxf6 gxf6 25.Rad1 Kf8 26.Kf1 Ke7 
27.Ke2 Rxd1 28.Rxd1 Rc8 29.Kd2 e5 30.Rc1 Rd8+ 31.Ke2 Rd6 32.Rc7+ Ke6 33.
Rc5 f5 34.Ra5 f4 35.a4 f6 36.b5 axb5 37.axb5 Kf5 38.Ra4 h5 39.Rb4 Rb6 40.
Kd3 Ke6 41.Kc4 f5 42.Kc5 Rb8 43.b6 Rc8+ 44.Kb5 Kd5 45.b7 Rb8 46.Kb6 e4 47.
Kc7 Rg8 48.b8=Q Rxb8 49.Rxb8 e3 50.fxe3 fxe3 51.Rb2 f4 52.Kd7 h4 53.h3 Ke5
54.Re2 Kd5 55.Ke7 Ke5 56.Re1 Kf5 57.Kf7 Ke4 58.Kg6 f3 59.gxf3+ Kxf3 60.Kg5
Kf2  1-0

[Event "Campeonato Individual de Bizkaia - Cat Preferente - 2018 "]
[Site "Bilbao"]
[Date "2018.10.20"]
[Round "1"]
[Board "7"]
[White "Cuero Reid, Maximo Javier"]
[Black "Rodriguez Gonzalez, Alex"]
[Result "1-0"]
[WhiteElo "1781"]
[BlackElo "1992"]
[PlyCount "0"]
[EventDate "2018.10.20"]
[EventRounds "6"]
[EventCountry "ESP"]

1.Na3 Nc6 2.Nf3 e5 3.e4 Nf6 4.d3 Bc5 5.Be2 d5 6.exd5 Nxd5 7.Nc4 Nf4 8.Bxf4
exf4 9.c3 b5 10.Nce5 Nxe5 11.Nxe5 Qg5 12.d4 O-O 13.h4 Qe7 14.Bf3 Rb8 15.
O-O Bb7 16.Re1 Bd6 17.Ng6 Qxe1+ 18.Qxe1 hxg6 19.Bxb7 Rxb7 20.Qe4 Rbb8 21.
f3 Rfe8 22.Qd5 Re3 23.Kf1 a6 24.Re1 Rxe1+ 25.Kxe1 Rb6 26.Kd2 Kf8 27.Kd3 
Rb8 28.b3 a5 29.c4 bxc4+ 30.bxc4 Bb4 31.c5 Re8 32.Qd7 Re3+ 33.Kc4 Kg8 34.
Qxc7 Re2 35.a3 Rc2+ 36.Kd5 Bd2 37.c6 Be3 38.Qxa5 Rc1 39.c7 Kh7 40.Qc5  1-0

[Event "Campeonato Individual de Bizkaia - Cat Preferente - 2018 "]
[Site "Bilbao"]
[Date "2018.10.20"]
[Round "1"]
[Board "8"]
[White "Hernandez Garcia, Maximo"]
[Black "Mendez Nunez, Jose Antonio"]
[Result "1-0"]
[WhiteElo "1977"]
[BlackElo "1731"]
[PlyCount "0"]
[EventDate "2018.10.20"]
[EventRounds "6"]
[EventCountry "ESP"]

1.e4 c5 2.Nf3 Nc6 3.d4 cxd4 4.Nxd4 a6 5.Nc3 d6 6.Be3 Bd7 7.Qd2 Nf6 8.Be2 
Ng4 9.Bxg4 Bxg4 10.f3 Bd7 11.O-O Ne5 12.b3 e6 13.Rad1 Be7 14.h3 O-O 15.f4 
Nc6 16.Nf3 b5 17.Nh2 Rc8 18.Ng4 f5 19.exf5 Rxf5 20.Ne4 Rd5 21.Qf2 Nb4 22.
a3 Rxd1 23.Rxd1 Nd5 24.Bd4 Rc6 25.Qg3 Qf8 26.Rf1 g6 27.h4 Qd8 28.Nh6+ Kf8 
29.f5 exf5 30.h5 Bh4 31.Qg4 Ke8 32.hxg6  1-0

[Event "Campeonato Individual de Bizkaia - Cat Preferente - 2018 "]
[Site "Bilbao"]
[Date "2018.10.20"]
[Round "1"]
[Board "9"]
[White "Eiguren Martinez, Kepa"]
[Black "Torres Garcia, Koldo"]
[Result "0-1"]
[WhiteElo "844"]
[BlackElo "1975"]
[PlyCount "0"]
[EventDate "2018.10.20"]
[EventRounds "6"]
[EventCountry "ESP"]

1.e4 Nf6 2.d3 d5 3.e5 Nfd7 4.f4 e6 5.d4 c5 6.c3 Nc6 7.Nf3 Qb6 8.a3 Be7 9.
b4 cxd4 10.cxd4 O-O 11.Nc3 f6 12.Bd3 fxe5 13.fxe5 Rxf3 14.Na4 Rxd3 15.Qxd3
Qxd4 16.Qxd4 Nxd4 17.O-O Ne2+  0-1

[Event "Campeonato Individual de Bizkaia - Cat Preferente - 2018 "]
[Site "Bilbao"]
[Date "2018.10.27"]
[Round "2"]
[Board "1"]
[White "Prieto Aranguren, Alain"]
[Black "Garrido Legarreta, Jose Javier"]
[Result "1-0"]
[WhiteElo "2281"]
[BlackElo "2019"]
[PlyCount "0"]
[EventDate "2018.10.20"]
[EventRounds "6"]
[EventCountry "ESP"]

1.d4 Nf6 2.c4 g6 3.Nc3 d5 4.Nf3 Bg7 5.Qb3 dxc4 6.Qxc4 O-O 7.e4 Na6 8.Be2 
c5 9.d5 e6 10.O-O exd5 11.exd5 Bf5 12.Rd1 Re8 13.d6 Ne4 14.d7 Re7 15.Nxe4 
Rxe4 16.Bg5 Bf6 17.Bxf6 Qxf6 18.Qc3 Qe7 19.Bd3 Re6 20.Bxf5 gxf5 21.Qd3 Rd8
22.h4 Nb8 23.Qxf5 Rxd7 24.Ng5 Rg6 25.Re1 Qf8 26.Nxh7 Qd8 27.Ng5 b6 28.Nxf7
Rf6 29.Nxd8 Rxf5 30.Re8+ Kh7 31.Ne6 Rd2 32.Ng5+ Kg7  1-0

[Event "Campeonato Individual de Bizkaia - Cat Preferente - 2018 "]
[Site "Bilbao"]
[Date "2018.10.27"]
[Round "2"]
[Board "2"]
[White "Hernandez Garcia, Maximo"]
[Black "Perez Fernandez, Modesto"]
[Result "1/2-1/2"]
[WhiteElo "1977"]
[BlackElo "2134"]
[PlyCount "0"]
[EventDate "2018.10.20"]
[EventRounds "6"]
[EventCountry "ESP"]

1.e4 c5 2.Nf3 e6 3.d4 cxd4 4.Nxd4 Nc6 5.Nc3 Qc7 6.Ndb5 Qb8 7.Be3 Nf6 8.f3 
Be7 9.Qd2 a6 10.Nd4 b5 11.Be2 Qc7 12.O-O-O Bb7 13.g4 Nxd4 14.Qxd4 Rc8 15.
g5 e5 16.Qd2 Nh5 17.Bd3 Bb4 18.Bf1 Bxc3 19.bxc3 O-O 20.Bh3 Qxc3 21.Qxc3 
Rxc3 22.Bd2 Rc4 23.Bxd7 Bc8 24.Bg4 Bxg4 25.fxg4 Nf4 26.Bxf4 exf4 27.Rhe1 
g6 28.Rd5 Re8 29.e5 f3 30.h3 f2 31.Rf1 Rf4 32.Kd1 Kg7 33.Kd2 Rf3 34.Ke2 
Rxh3 35.Rxf2 Re7 36.Rf3 Rh4 37.Rf4 Rc7 38.Rd2 Rh1 39.Rf6 Rg1 40.Rf4 Rc1 
41.Kd3 Re1 42.Re4 Rc3+ 43.Kxc3 Rxe4 44.Rd6 Rxe5 45.Rxa6 Rxg5 46.Kb4 h5 47.
gxh5 gxh5 48.Ra3 Kg6 49.Rf3 f6 50.c4 bxc4 51.a4 Rg1 52.a5 Rb1+ 53.Kxc4 Kg5
54.Ra3 Rb8 55.a6 f5 56.Kd4 Kg4 57.Ke3 f4+ 58.Kf2 Rb2+ 59.Kf1 Rb1+ 60.Kf2 
 1/2-1/2

[Event "Campeonato Individual de Bizkaia - Cat Preferente - 2018 "]
[Site "Bilbao"]
[Date "2018.10.27"]
[Round "2"]
[Board "3"]
[White "Goiria Egidazu, Jon Asel"]
[Black "Sarralde Marco, Emilio"]
[Result "1-0"]
[WhiteElo "2084"]
[BlackElo "1859"]
[PlyCount "0"]
[EventDate "2018.10.20"]
[EventRounds "6"]
[EventCountry "ESP"]

1.e4 c5 2.Nc3 Nc6 3.f4 d6 4.Nf3 Bg4 5.Bb5 e6 6.Bxc6+ bxc6 7.O-O d5 8.d3 d4
9.Na4 Nf6 10.Qe1 Bxf3 11.Rxf3 Be7 12.b3 O-O 13.Rh3 Nd7 14.Qe2 g6 15.Ba3 
Qa5 16.Rf1 Nb6 17.f5 exf5 18.Nxb6 axb6 19.exf5 Rae8 20.fxg6 hxg6 21.Qe5 f6
22.Qe6+ Kg7 23.Bc1 Rh8 24.Rxh8 Kxh8 25.Qf7  1-0

[Event "Campeonato Individual de Bizkaia - Cat Preferente - 2018 "]
[Site "Bilbao"]
[Date "2018.10.27"]
[Round "2"]
[Board "4"]
[White "Torres Garcia, Koldo"]
[Black "Sadusea, Johnny Fernando"]
[Result "1/2-1/2"]
[WhiteElo "1975"]
[BlackElo "2077"]
[PlyCount "0"]
[EventDate "2018.10.20"]
[EventRounds "6"]
[EventCountry "ESP"]

1.e4 c5 2.Nf3 d6 3.Bb5+ Bd7 4.Bxd7+ Nxd7 5.d4 cxd4 6.Qxd4 Ngf6 7.O-O g6 8.
c4 Bg7 9.Nc3 O-O 10.Qe3 Ng4 11.Qe2 Rc8 12.Bd2 Nge5 13.Nxe5 Nxe5 14.b3 Nc6 
15.Rad1 a6 16.Nd5 e6 17.Nc3 Qe7 18.Na4 b5 19.cxb5 Nd4 20.Qd3 axb5 21.Bc3 
bxa4 22.Bxd4 Bxd4 23.Qxd4 axb3 24.axb3 Qb7 25.Rd3 Rfd8 26.h4 Qe7 27.h5 d5 
28.e5 Qg5 29.Rh3 Rc2 30.Re1 Qd2 31.Qxd2 Rxd2 32.h6 Kf8 33.Ra1 Re2 34.Re3 
Rxe3 35.fxe3 Rb8 36.Kf2 Rxb3 37.Ra8+ Ke7 38.Ra7+ Ke8 39.Ra8+ Ke7 40.Ra7+ 
 1/2-1/2

[Event "Campeonato Individual de Bizkaia - Cat Preferente - 2018 "]
[Site "Bilbao"]
[Date "2018.10.27"]
[Round "2"]
[Board "5"]
[White "Leniz Markes, Inaki"]
[Black "Cuero Reid, Maximo Javier"]
[Result "1/2-1/2"]
[WhiteElo "1931"]
[BlackElo "1781"]
[PlyCount "0"]
[EventDate "2018.10.20"]
[EventRounds "6"]
[EventCountry "ESP"]

1.e4 Nc6 2.Nf3 e5 3.Bc4 Be7 4.d4 exd4 5.Nxd4 Nf6 6.Nc3 d6 7.O-O O-O 8.Nxc6
bxc6 9.Bf4 Rb8 10.Bb3 Re8 11.h3 Rb4 12.Re1 Be6 13.a3 Rb7 14.e5 dxe5 15.
Bxe5 Bd6 16.Bxe6 Bxe5 17.Qxd8 Rxd8 18.Rxe5 fxe6 19.b4 Kf7 20.Rae1 Rd6 21.
Na4 Rb5 22.Nc5 Rd5 23.Rxe6 Rdxc5 24.bxc5 Rxc5 25.Re7+ Kg6 26.Rxc7 a5 27.
Re6 Rxc2 28.Rexc6 Ra2 29.Rc3 Ne4 30.R7c6+ Kf7 31.Re3 Nd2 32.Rc5 Ra1+ 33.
Kh2  1/2-1/2

[Event "Campeonato Individual de Bizkaia - Cat Preferente - 2018 "]
[Site "Bilbao"]
[Date "2018.10.27"]
[Round "2"]
[Board "6"]
[White "Torres Novalbos, David"]
[Black "Urbieta Gabancho, Koldo"]
[Result "1-0"]
[WhiteElo "2023"]
[BlackElo "1822"]
[PlyCount "0"]
[EventDate "2018.10.20"]
[EventRounds "6"]
[EventCountry "ESP"]

1.e4 c5 2.Nf3 g6 3.c3 Bg7 4.d4 cxd4 5.cxd4 d5 6.e5 Nc6 7.Be2 Nh6 8.h3 O-O 
9.Bf4 f6 10.Qd2 Nf7 11.exf6 exf6 12.Nc3 Bf5 13.O-O g5 14.Bg3 Be4 15.Nh2 
Nd6 16.Rfd1 Nf5 17.Nxe4 dxe4 18.d5 Ncd4 19.Bg4 Nxg3 20.Qxd4 f5 21.Qe3 fxg4
22.Qxg3 gxh3 23.Qxh3 Kh8 24.Qe3 Re8 25.Nf1 Qd6 26.Rd2 Be5 27.g3 Qf6 28.Qb3
Re7 29.Re1 Bd6 30.Rde2 Rae8 31.Nd2 Qd4 32.Qc3 Qxc3 33.bxc3 e3 34.Rxe3 Rxe3
35.Rxe3 Rxe3 36.fxe3 Bxg3 37.Ne4 Be5 38.Nxg5 Bxc3 39.d6 Kg8 40.d7 Ba5 41.
Ne6 b5 42.d8=Q+ Bxd8 43.Nxd8 a5 44.Nc6 a4 45.a3 Kf7 46.Nd4  1-0

[Event "Campeonato Individual de Bizkaia - Cat Preferente - 2018 "]
[Site "Bilbao"]
[Date "2018.10.27"]
[Round "2"]
[Board "7"]
[White "Rodriguez Gonzalez, Alex"]
[Black "Dura Olmos, Gines Raul"]
[Result "1/2-1/2"]
[WhiteElo "1992"]
[BlackElo "1887"]
[PlyCount "0"]
[EventDate "2018.10.20"]
[EventRounds "6"]
[EventCountry "ESP"]

1.Nf3 Nf6 2.b3 g6 3.Bb2 Bg7 4.c4 c5 5.d4 cxd4 6.Nxd4 b6 7.f3 a6 8.e4 e5 9.
Ne2 Nc6 10.Nbc3 O-O 11.g4 Nd4 12.Nxd4 exd4 13.Ne2 Bb7 14.Bxd4 Nxe4 15.fxe4
Bxe4 16.Bxg7 Qh4+ 17.Kd2 Kxg7 18.Rg1 d5 19.Kc3 Qxh2 20.Qd4+ Kg8 21.Rg3 
Rfe8 22.Rh3 Qd6 23.Ng3 a5 24.a3 b5 25.Nxe4 Rxe4 26.Qd3 Qf6+ 27.Kc2  1/2-1/2

[Event "Campeonato Individual de Bizkaia - Cat Preferente - 2018 "]
[Site "Bilbao"]
[Date "2018.10.27"]
[Round "2"]
[Board "8"]
[White "Cano Cavero, Alberto Javier"]
[Black "Martinez De Soria Gordon, Jose Manuel"]
[Result "1-0"]
[WhiteElo "1820"]
[BlackElo "1913"]
[PlyCount "0"]
[EventDate "2018.10.20"]
[EventRounds "6"]
[EventCountry "ESP"]

1.e4 c6 2.d4 d5 3.exd5 cxd5 4.Bd3 Nf6 5.c3 Nc6 6.Bf4 Qb6 7.Qb3 Qxb3 8.axb3
a6 9.Nd2 Nh5 10.Be3 e5 11.dxe5 Nxe5 12.Be2 Ng4 13.Bd4 Nf4 14.g3 Ng6 15.
Ngf3 f6 16.O-O Bd6 17.c4 Be6 18.Rfe1 Kf7 19.cxd5 Bxd5 20.Nc4 Bc7 21.Bb6 
Rac8 22.Rad1 Be6 23.Nd4 Bd7 24.Bxc7 Rxc7 25.Nd6+ Kg8 26.Bc4+ Kf8 27.Ne6+ 
Bxe6 28.Rxe6 Re7 29.Rxe7 Kxe7 30.Nf5+ Kf8 31.Rd8#  1-0

[Event "Campeonato Individual de Bizkaia - Cat Preferente - 2018 "]
[Site "Bilbao"]
[Date "2018.10.27"]
[Round "2"]
[Board "9"]
[White "Galarza Docampo, Karmel"]
[Black "Eiguren Martinez, Kepa"]
[Result "1/2-1/2"]
[WhiteElo "1901"]
[BlackElo "844"]
[PlyCount "0"]
[EventDate "2018.10.20"]
[EventRounds "6"]
[EventCountry "ESP"]

1.d4 Nf6 2.c4 g6 3.Nc3 d5 4.Nf3 Bg7 5.cxd5 Nxd5 6.e4 Nxc3 7.bxc3 c5 8.Rb1 
O-O 9.Be2 Nc6 10.Be3 Qa5 11.Qd2 cxd4 12.cxd4 Qxd2+ 13.Kxd2 Rd8  1/2-1/2

[Event "Campeonato Individual de Bizkaia - Cat Preferente - 2018 "]
[Site "Bilbao"]
[Date "2018.10.27"]
[Round "2"]
[Board "10"]
[White "Mendez Nunez, Jose Antonio"]
[Black "Valdezate Suarez, Fernando"]
[Result "1/2-1/2"]
[WhiteElo "1731"]
[BlackElo "1890"]
[PlyCount "0"]
[EventDate "2018.10.20"]
[EventRounds "6"]
[EventCountry "ESP"]

1.e4 e6 2.Nf3 d5 3.exd5 exd5 4.d4 Bd6 5.Bg5 f6 6.Be3 Bg4 7.Nbd2 Ne7 8.Bb5+
c6 9.Bd3 Nd7 10.O-O Qc7 11.h3 Bxf3 12.Qxf3 O-O-O 13.c4 g5 14.c5 Bf4 15.b4 
h5 16.g3 Rdg8 17.Rfe1 Rg7 18.Nf1 f5 19.Bxf4 gxf4 20.Re6 fxg3 21.fxg3 Rhg8 
22.Rd6 h4 23.Re1  1/2-1/2

[Event "Campeonato Individual de Bizkaia - Cat Preferente - 2018 "]
[Site "Bilbao"]
[Date "2018.11.03"]
[Round "3"]
[Board "1"]
[White "Goiria Egidazu, Jon Asel"]
[Black "Prieto Aranguren, Alain"]
[Result "1/2-1/2"]
[WhiteElo "2084"]
[BlackElo "2281"]
[PlyCount "0"]
[EventDate "2018.10.20"]
[EventRounds "6"]
[EventCountry "ESP"]

1.e4 c6 2.d4 d5 3.exd5 cxd5 4.c4 Nf6 5.Nc3 Nc6 6.Nf3 g6 7.cxd5 Nxd5 8.Qb3 
Nxc3 9.Bc4 Nd5 10.Bxd5 e6 11.Bxc6+ bxc6 12.O-O Qd5 13.Be3 Be7 14.Rfc1 f6 
15.Nd2 Kf7 16.Nc4 Ba6 17.Qc3 Rab8 18.a3 Bxc4 19.Qxc4 Qxc4 20.Rxc4 Rxb2 21.
Rxc6 Rhb8 22.g3 R8b7 23.Ra6 Bd8 24.d5 exd5 25.Rxa7 Rxa7 26.Bxa7 Bb6 27.
Bxb6 Rxb6 28.a4 Ke6 29.a5 Ra6 30.Kf1 g5 31.Ke2 Ke5 32.Kd3 h5 33.h3 f5 34.
f3 g4 35.f4+ Kd6 36.hxg4 fxg4 37.Kd4 Ke6 38.Kc5 h4 39.gxh4 Kf5 40.Kb5 Rh6 
41.a6 Rxh4 42.a7 Rh8 43.a8=Q Rxa8 44.Rxa8 Kxf4 45.Rf8+ Ke3 46.Rg8 Kf4 47.
Rf8+ Ke3  1/2-1/2

[Event "Campeonato Individual de Bizkaia - Cat Preferente - 2018 "]
[Site "Bilbao"]
[Date "2018.11.03"]
[Round "3"]
[Board "2"]
[White "Perez Fernandez, Modesto"]
[Black "Torres Garcia, Koldo"]
[Result "1/2-1/2"]
[WhiteElo "2134"]
[BlackElo "1975"]
[PlyCount "0"]
[EventDate "2018.10.20"]
[EventRounds "6"]
[EventCountry "ESP"]

1.e4 e5 2.Nf3 Nc6 3.Bb5 a6 4.Bxc6 dxc6 5.O-O Bg4 6.h3 Bxf3 7.Qxf3 Qf6 8.
Qxf6 Nxf6 9.d3 Bc5 10.Nd2 O-O-O 11.Nc4 Nd7 12.Be3 Bxe3 13.Nxe3 h5 14.g3 g5
15.Nf5 g4 16.hxg4 hxg4 17.Kg2 Nf6 18.Rh1 c5 19.Rh6 Rxh6 20.Nxh6 Rd7 21.b3 
b5 22.Kf1 c4 23.bxc4 bxc4 24.Ke2 cxd3+ 25.cxd3 c5 26.Rc1 Rc7 27.Kd2 Kd8 
28.Rb1 c4 29.dxc4 Rxc4 30.Nxf7+ Kc7 31.Rb7+ Kxb7 32.Nd6+ Kc6 33.Nxc4 Nd7 
34.Kd3 Nc5+ 35.Kc2 Nd7 36.Kc3 Kc5 37.Ne3 Nf6 38.Kd3 a5  1/2-1/2

[Event "Campeonato Individual de Bizkaia - Cat Preferente - 2018 "]
[Site "Bilbao"]
[Date "2018.11.03"]
[Round "3"]
[Board "3"]
[White "Cuero Reid, Maximo Javier"]
[Black "Hernandez Garcia, Maximo"]
[Result "0-1"]
[WhiteElo "1781"]
[BlackElo "1977"]
[PlyCount "0"]
[EventDate "2018.10.20"]
[EventRounds "6"]
[EventCountry "ESP"]

1.Nc3 Nf6 2.e4 e5 3.Nf3 Nc6 4.Bb5 d6 5.d4 Bd7 6.d5 Ne7 7.Bc4 g6 8.O-O Bg7 
9.Bg5 h6 10.Bxf6 Bxf6 11.Nd2 O-O 12.f4 exf4 13.Rxf4 Be5 14.Rf1 Kh7 15.Nf3 
Bg7 16.Qe1 Bg4 17.Ne2 f5 18.Ned4 fxe4 19.Qxe4 Bf5 20.Qh4 Ng8 21.Nxf5 Rxf5 
22.Bd3 Rxf3 23.Bxg6+ Kh8 24.Qb4 Rxf1+ 25.Rxf1 Qg5 26.Bd3 Qxd5 27.Kh1 Rf8 
28.Rxf8 Bxf8 29.h3 Bg7  0-1

[Event "Campeonato Individual de Bizkaia - Cat Preferente - 2018 "]
[Site "Bilbao"]
[Date "2018.11.03"]
[Round "3"]
[Board "4"]
[White "Sadusea, Johnny Fernando"]
[Black "Cano Cavero, Alberto Javier"]
[Result "1-0"]
[WhiteElo "2077"]
[BlackElo "1820"]
[PlyCount "0"]
[EventDate "2018.10.20"]
[EventRounds "6"]
[EventCountry "ESP"]

1.e4 e5 2.Nf3 Nf6 3.Nxe5 Nxe4 4.d4 d6 5.Nf3 d5 6.Bd3 Nc6 7.c4 Nb4 8.Be2 
Bf5 9.O-O Be7 10.Nc3 Nxc3 11.bxc3 Nc6 12.Bf4 O-O 13.cxd5 Qxd5 14.Bxc7 Rac8
15.c4 Qd7 16.Bf4 Bf6 17.Be5 Be7 18.h3 Rfd8 19.Qb3 a6 20.Rfe1 Na5 21.Qc3 
Nxc4 22.Bxc4 b5 23.Bxb5 axb5 24.Qe3 Rc6 25.d5 Bc5 26.Bd4 Rh6 27.Bxc5 Bxh3 
28.Ne5 Qf5 29.Nc6 Qg4 30.Qg3 Rc8 31.gxh3  1-0

[Event "Campeonato Individual de Bizkaia - Cat Preferente - 2018 "]
[Site "Bilbao"]
[Date "2018.11.03"]
[Round "3"]
[Board "5"]
[White "Garrido Legarreta, Jose Javier"]
[Black "Torres Novalbos, David"]
[Result "1-0"]
[WhiteElo "2019"]
[BlackElo "2023"]
[PlyCount "0"]
[EventDate "2018.10.20"]
[EventRounds "6"]
[EventCountry "ESP"]

1.e4 c6 2.c4 d5 3.exd5 cxd5 4.cxd5 Nf6 5.Bb5+ Bd7 6.Bc4 g6 7.d4 Bg7 8.d6 
e6 9.Nf3 Bc6 10.Nc3 Qxd6 11.O-O O-O 12.Ne5 Rd8 13.Be3 Nbd7 14.Nxc6 Qxc6 
15.Qb3 Nb6 16.Be2 Rac8 17.Rac1 Qd7 18.Bf3 Nbd5 19.Nxd5 Nxd5 20.Bg5 Re8 21.
Rfd1 h6 22.Be3 Kh7 23.g3 b6 24.Rc4 Rxc4 25.Qxc4 Rc8 26.Qd3 Qa4 27.a3 Rc2 
28.Rb1 Rc8 29.Bd1 Qd7 30.Qa6 Rc7 31.Ba4 Qd6 32.Qd3 h5 33.Rc1 Nxe3 34.Rxc7 
Qxc7 35.Qxe3 Qc4 36.Be8 f5 37.Qg5 Qd5 38.Qxg6+ Kg8 39.Bf7+ Kf8 40.Bxe6  1-0

[Event "Campeonato Individual de Bizkaia - Cat Preferente - 2018 "]
[Site "Bilbao"]
[Date "2018.11.03"]
[Round "3"]
[Board "6"]
[White "Sarralde Marco, Emilio"]
[Black "Leniz Markes, Inaki"]
[Result "1-0"]
[WhiteElo "1859"]
[BlackElo "1931"]
[PlyCount "0"]
[EventDate "2018.10.20"]
[EventRounds "6"]
[EventCountry "ESP"]

1.e4 e6 2.d4 d5 3.Nc3 Nf6 4.e5 Nfd7 5.Nce2 c5 6.c3 Nc6 7.f4 b5 8.Nf3 b4 9.
Ng3 bxc3 10.bxc3 cxd4 11.cxd4 Bb4+ 12.Bd2 Qa5 13.a3 Bxd2+ 14.Qxd2 Qxd2+ 
15.Kxd2 Rb8 16.Rc1 Rb6 17.Rc3 O-O 18.Bd3 Ba6 19.Rhc1 Bxd3 20.Kxd3 Ndb8 21.
f5 h6 22.h4 Na5 23.Rc7 Nbc6 24.Nd2 Rfb8 25.fxe6 fxe6 26.Nh5 R8b7 27.Rc8+ 
Kh7 28.Nf4 Rb8 29.Rxb8 Nxb8 30.Rc8 Na6 31.h5 Nb3 32.Ng6 Nc1+  1-0

[Event "Campeonato Individual de Bizkaia - Cat Preferente - 2018 "]
[Site "Bilbao"]
[Date "2018.11.03"]
[Round "3"]
[Board "7"]
[White "Valdezate Suarez, Fernando"]
[Black "Rodriguez Gonzalez, Alex"]
[Result "1/2-1/2"]
[WhiteElo "1890"]
[BlackElo "1992"]
[PlyCount "0"]
[EventDate "2018.10.20"]
[EventRounds "6"]
[EventCountry "ESP"]

1.d4 d5 2.Nf3 Nc6 3.Bf4 f6 4.e3 Bg4 5.Bb5 a6 6.Bxc6+ bxc6 7.c4 e6 8.h3 Bh5
9.Qa4 Qd7 10.g4 Bg6 11.Nc3 Bd6 12.c5 Bxf4 13.exf4 Ne7 14.O-O h5 15.g5 e5 
16.Kh2 e4 17.Nh4 fxg5 18.fxg5 O-O 19.Ne2 Bf5 20.Qa3 Ng6 21.Qg3 Nxh4 22.
Qxh4 g6 23.Rac1 Rab8 24.b3 Qg7 25.Rc3 Rf7 26.Re3 Rbf8 27.f4 exf3 28.Rexf3 
Bd3 29.Rxf7 Rxf7 30.Rxf7 Qxf7 31.Nf4 Bb1 32.a3 Qf5 33.Ng2 Qe4 34.Qf4 Qe2 
35.Qf6 Bc2 36.b4 Qe8 37.Nf4 Bf5 38.h4 Kh7 39.Ng2 Be4 40.Nf4 Bf5 41.Ng2 Be6
42.Nf4 Bf7 43.Ng2 Kg8 44.Qe5 Qd7 45.Ne3 Be6 46.Qf6 Bf7 47.Qe5  1/2-1/2